<The> Projectics – the innovation didactic method for marketing study on the vocational schools and universities
Gespeichert in:
| 1. Verfasser: | |
|---|---|
| Weitere Verfasser: | , , |
| Format: | Buchkapitel |
| Sprache: | Englisch |
| Tags: |
Keine Tags, Fügen Sie das erste Tag hinzu!
|
MARC
| LEADER | 00000naa$a2200000$$$4500 | ||
|---|---|---|---|
| 001 | 0195886 | ||
| 005 | 20240502083458.3 | ||
| 041 | 0 | |a eng | |
| 044 | |a CZ | ||
| 245 | 1 | 0 | |a <The> Projectics – the innovation didactic method for marketing study on the vocational schools and universities |c Peter Filo, Katarína Chomová, Jozef Orgonáš, Barbora Paholková |
| 100 | 1 | |a Filo, Peter | |
| 700 | 1 | |a Chomová, Katarína, 1983- | |
| 700 | 1 | |a Orgonáš, Jozef, 1957- | |
| 700 | 1 | |a Paholková, Barbora | |